00429nam a2200145Ia 4500008004100000020001500041041001200056100001800068245010500086250000800191260003900199300000900238650001600247700002000263221030s9999 xx 000 0 und d a8131710005 aEnglish aJ. G. Proakis 0aDigital Signal Processing - Principles, Algorithms & Applicationscby J. G. Proakis, D. G. Manolakis a4th bPearson EducationaNew Delhic2014 a1136 aBB Computer aD. G. Manolakis